[Event "Stay Safe Play From Home 174"]
[Site "T#646332Emanuel Laske"]
[Date "2020.05.25"]
[Round "4"]
[White "Kongle"]
[Black "Haris kollari 13"]
[Result "1-0"]
[WhiteElo "1878"]
[BlackElo "1902"]
[Annotator "NA"]
[PlyCount "57"]
[EventDate "2020.05.25"]
[EventType "swiss (blitz)"]

1. d4 {[%emt 0:00:09]} d5 {[%emt 0:00:02]} 2. c4 {[%emt 0:00:02]} e5 {[%emt 0:00:01]} 3. dxe5 {[%emt 0:00:02]} d4 {[%emt 0:00:00]} 4. a3 {[%emt 0:00:01]} Nc6 {[%emt 0:00:01]} 5. Nf3 {[%emt 0:00:01]} Bg4 {[%emt 0:00:01]} 6. Bf4 {[%emt 0:00:02]} Nge7 {[%emt 0:00:02]} 7. Nbd2 {[%emt 0:00:01]} Ng6 {[%emt 0:00:01]} 8. Bg3 {[%emt 0:00:01]} Qe7 {[%emt 0:00:06]} 9. Qa4 {[%emt 0:00:06]} O-O-O {[%emt 0:00:02]} 10. h3 {[%emt 0:00:15]} Bxf3 {[%emt 0:00:03]} 11. Nxf3 {[%emt 0:00:01]} Kb8 {[%emt 0:00:01]} 12. h4 {[%emt 0:00:15]} Ncxe5 {[%emt 0:00:01]} 13. Nxe5 {[%emt 0:00:03]} Nxe5 {[%emt 0:00:01]} 14. h5 {[%emt 0:00:01]} Nd3+ {[%emt 0:00:12]} 15. Kd2 {[%emt 0:00:02]} Nxb2 {[%emt 0:00:01]} 16. Qb3 {[%emt 0:00:05]} Qg5+ {[%emt 0:00:03]} 17. Kc2 {[%emt 0:00:07]} d3+ {[%emt 0:00:02]} 18. exd3 {[%emt 0:00:04]} g6 {[%emt 0:00:16]} 19. Bh4 {[%emt 0:00:10]} Qxh5 {[%emt 0:00:03]} 20. g4 {[%emt 0:00:11]} Qh6 {[%emt 0:00:10]} 21. Bg2 {[%emt 0:00:02]} c6 {[%emt 0:00:23]} 22. Bxd8 {[%emt 0:00:04]} Qf4 {[%emt 0:00:03]} 23. Qxb2 {[%emt 0:00:24]} Rg8 {[%emt 0:00:11]} 24. Rab1 {[%emt 0:00:08]} Qxf2+ {[%emt 0:00:06]} 25. Kd1 {[%emt 0:00:01]} b6 {[%emt 0:00:10]} 26. Bxb6 {[%emt 0:00:04]} axb6 {[%emt 0:00:05]} 27. Qxf2 {[%emt 0:00:03]} Bc5 {[%emt 0:00:09]} 28. Qxc5 {[%emt 0:00:01] Haris kollari 13 resigns (Lag: Av=0.59s, max=0.8s)} b5 29. Qxc6 1-0

[Event "Stay Safe Play From Home 174"]
[Site "T#646332Emanuel Laske"]
[Date "2020.05.25"]
[Round "4"]
[White "Archi-ak"]
[Black "Weltszmerc"]
[Result "0-1"]
[WhiteElo "1857"]
[BlackElo "2127"]
[PlyCount "84"]
[EventDate "2020.05.25"]
[EventType "swiss (blitz)"]

1. e4 {[%emt 0:00:01]} Nf6 {[%emt 0:00:03]} 2. e5 {[%emt 0:00:01]} Nd5 {[%emt 0:00:02]} 3. c4 {[%emt 0:00:01]} Nb6 {[%emt 0:00:01]} 4. d4 {[%emt 0:00:01]} d6 {[%emt 0:00:01]} 5. f4 {[%emt 0:00:01]} dxe5 {[%emt 0:00:01]} 6. fxe5 {[%emt 0:00:00]} Bf5 {[%emt 0:00:00]} 7. Nf3 {[%emt 0:00:03]} e6 {[%emt 0:00:02]} 8. Nc3 {[%emt 0:00:01]} Be7 {[%emt 0:00:01]} 9. Be3 {[%emt 0:00:06]} f6 {[%emt 0:00:01]} 10. Bd3 {[%emt 0:00:03]} Bxd3 {[%emt 0:00:02]} 11. Qxd3 {[%emt 0:00:00]} O-O {[%emt 0:00:02]} 12. O-O {[%emt 0:00:02]} Nc6 {[%emt 0:00:07]} 13. Qe2 {[%emt 0:00:19]} Na5 {[%emt 0:00:13]} 14. b3 {[%emt 0:00:07]} f5 {[%emt 0:00:13]} 15. Qd2 {[%emt 0:00:15]} c5 {[%emt 0:00:14]} 16. dxc5 {[%emt 0:00:09]} Qxd2 {[%emt 0:00:03]} 17. Nxd2 {[%emt 0:00:01]} Nd7 {[%emt 0:00:01]} 18. Nf3 {[%emt 0:00:23]} Nc6 {[%emt 0:00:03]} 19. Bf4 {[%emt 0:00:27]} Bxc5+ {[%emt 0:00:05]} 20. Kh1 {[%emt 0:00:01]} h6 {[%emt 0:00:03]} 21. h4 {[%emt 0:00:01]} Nd4 {[%emt 0:00:06]} 22. Rad1 {[%emt 0:00:04]} Nxf3 {[%emt 0:00:09]} 23. Rxf3 {[%emt 0:00:00]} Nb6 {[%emt 0:00:09]} 24. Rfd3 {[%emt 0:00:02]} Rf7 {[%emt 0:00:10]} 25. Nb5 {[%emt 0:00:04]} a6 {[%emt 0:00:08]} 26. Nc7 {[%emt 0:00:06]} Rxc7 {[%emt 0:00:03]} 27. Rd8+ {[%emt 0:00:01]} Rxd8 {[%emt 0:00:02]} 28. Rxd8+ {[%emt 0:00:00]} Kf7 {[%emt 0:00:03]} 29. g3 {[%emt 0:00:01]} Rd7 {[%emt 0:00:03]} 30. Rxd7+ {[%emt 0:00:01]} Nxd7 {[%emt 0:00:01]} 31. Kg2 {[%emt 0:00:00]} Be7 {[%emt 0:00:02]} 32. Kf3 {[%emt 0:00:01]} g5 {[%emt 0:00:02]} 33. hxg5 {[%emt 0:00:01]} hxg5 {[%emt 0:00:00]} 34. Bd2 {[%emt 0:00:00]} Nxe5+ {[%emt 0:00:01]} 35. Ke3 {[%emt 0:00:01]} Bc5+ {[%emt 0:00:01]} 36. Ke2 {[%emt 0:00:01]} g4 {[%emt 0:00:01]} 37. Bc3 {[%emt 0:00:01]} Nf3 {[%emt 0:00:04]} 38. Kd3 {[%emt 0:00:02]} Bd6 {[%emt 0:00:02]} 39. Ke3 {[%emt 0:00:02]} Bxg3 {[%emt 0:00:01]} 40. b4 {[%emt 0:00:02]} Be5 {[%emt 0:00:01]} 41. Bxe5 {[%emt 0:00:03]} Nxe5 {[%emt 0:00:00]} 42. Kf4 {[%emt 0:00:00]} Nxc4 {[%emt 0:00:01] Archi-ak resigns (Lag: Av=1.10s, max=2.1s)} 0-1

[Event "Stay Safe Play From Home 174"]
[Site "T#646332Emanuel Laske"]
[Date "2020.05.25"]
[Round "4"]
[White "Patzeroglu"]
[Black "Lucknow"]
[Result "1-0"]
[WhiteElo "1836"]
[BlackElo "1894"]
[Annotator "NA"]
[PlyCount "83"]
[EventDate "2020.05.25"]
[EventType "swiss (blitz)"]

1. e4 {[%emt 0:00:09]} c5 {[%emt 0:00:01]} 2. Nf3 {[%emt 0:00:02]} d6 {[%emt 0:00:01]} 3. d4 {[%emt 0:00:01]} cxd4 {[%emt 0:00:00]} 4. Nxd4 {[%emt 0:00:00]} Nf6 {[%emt 0:00:01]} 5. Nc3 {[%emt 0:00:01]} g6 {[%emt 0:00:01]} 6. Be2 {[%emt 0:00:03]} Bg7 {[%emt 0:00:01]} 7. Be3 {[%emt 0:00:01]} O-O {[%emt 0:00:01]} 8. O-O {[%emt 0:00:00]} Nc6 {[%emt 0:00:01]} 9. Nxc6 {[%emt 0:00:03]} bxc6 {[%emt 0:00:02]} 10. Rb1 {[%emt 0:00:00]} Qa5 {[%emt 0:00:05]} 11. b4 {[%emt 0:00:02]} Qc7 {[%emt 0:00:06]} 12. a4 {[%emt 0:00:02]} Be6 {[%emt 0:00:05]} 13. f4 {[%emt 0:00:04]} a5 {[%emt 0:00:11]} 14. b5 {[%emt 0:00:09]} cxb5 {[%emt 0:00:03]} 15. Nxb5 {[%emt 0:00:01]} Qc8 {[%emt 0:00:25]} 16. Bd4 {[%emt 0:00:22]} Bc4 {[%emt 0:00:20]} 17. e5 {[%emt 0:00:15]} Bxe2 {[%emt 0:00:18]} 18. Qxe2 {[%emt 0:00:04]} dxe5 {[%emt 0:00:01]} 19. Bxe5 {[%emt 0:00:06]} Rd8 {[%emt 0:00:24]} 20. c4 {[%emt 0:00:03]} Qg4 {[%emt 0:00:06]} 21. Qxg4 {[%emt 0:00:04]} Nxg4 {[%emt 0:00:01]} 22. Bxg7 {[%emt 0:00:00]} Kxg7 {[%emt 0:00:00]} 23. c5 {[%emt 0:00:00]} Ne3 {[%emt 0:00:06]} 24. Rfc1 {[%emt 0:00:14]} Nd5 {[%emt 0:00:05]} 25. g3 {[%emt 0:00:08]} Rdc8 {[%emt 0:00:07]} 26. c6 {[%emt 0:00:11]} Nc7 {[%emt 0:00:10]} 27. Nxc7 {[%emt 0:00:03]} Rxc7 {[%emt 0:00:01]} 28. Rb7 {[%emt 0:00:00]} Rac8 {[%emt 0:00:01]} 29. Rxc7 {[%emt 0:00:01]} Rxc7 {[%emt 0:00:01]} 30. Kf2 {[%emt 0:00:03]} Kf6 {[%emt 0:00:01]} 31. Ke3 {[%emt 0:00:00]} Ke6 {[%emt 0:00:00]} 32. Rc5 {[%emt 0:00:03]} Kd6 {[%emt 0:00:00]} 33. Rxa5 {[%emt 0:00:04]} Rxc6 {[%emt 0:00:01] Lucknow bietet Remis} 34. h4 {[%emt 0:00:05]} Rc1 {[%emt 0:00:01]} 35. Ra6+ {[%emt 0:00:02]} Kd7 {[%emt 0:00:02]} 36. Ra7+ {[%emt 0:00:00]} Kd6 {[%emt 0:00:01]} 37. a5 {[%emt 0:00:01]} Ra1 {[%emt 0:00:00]} 38. a6 {[%emt 0:00:02]} h5 {[%emt 0:00:00]} 39. Ra8 {[%emt 0:00:01]} Ra4 {[%emt 0:00:01]} 40. a7 {[%emt 0:00:01]} Ra5 {[%emt 0:00:00]} 41. Rd8+ {[%emt 0:00:02]} Ke6 {[%emt 0:00:00]} 42. a8=Q {[%emt 0:00:00] Lucknow gibt auf (Lag: Av=0.70s, max=1.6s)} 1-0

[Event "Stay Safe Play From Home 174"]
[Site "T#646332Emanuel Laske"]
[Date "2020.05.25"]
[Round "4"]
[White "Tunca"]
[Black "matanant"]
[Result "1-0"]
[WhiteElo "1782"]
[BlackElo "1699"]
[Annotator "NA"]
[PlyCount "75"]
[EventDate "2020.05.25"]
[EventType "swiss (blitz)"]

1. e4 {[%emt 0:00:03]} e5 {[%emt 0:00:01]} 2. f4 {[%emt 0:00:01]} d5 {[%emt 0:00:01]} 3. exd5 {[%emt 0:00:01]} e4 {[%emt 0:00:01]} 4. Nc3 {[%emt 0:00:02]} Nf6 {[%emt 0:00:02]} 5. d3 {[%emt 0:00:01]} Bb4 {[%emt 0:00:02]} 6. Bd2 {[%emt 0:00:01]} O-O {[%emt 0:00:03]} 7. Nxe4 {[%emt 0:00:08]} Bxd2+ {[%emt 0:00:02]} 8. Qxd2 {[%emt 0:00:06]} Re8 {[%emt 0:00:01]} 9. Be2 {[%emt 0:00:01]} Nxe4 {[%emt 0:00:02]} 10. dxe4 {[%emt 0:00:00]} Rxe4 {[%emt 0:00:01]} 11. O-O-O {[%emt 0:00:00]} Bf5 {[%emt 0:00:11]} 12. Nf3 {[%emt 0:00:27]} Nd7 {[%emt 0:00:05]} 13. Bd3 {[%emt 0:00:01]} Nf6 {[%emt 0:00:07]} 14. Bxe4 {[%emt 0:00:03]} Nxe4 {[%emt 0:00:02]} 15. Qd4 {[%emt 0:00:01]} Qd6 {[%emt 0:00:04]} 16. g3 {[%emt 0:00:25]} Qa6 {[%emt 0:00:10]} 17. Kb1 {[%emt 0:00:04]} Rd8 {[%emt 0:00:02]} 18. Nh4 {[%emt 0:00:05]} Qg6 {[%emt 0:00:10]} 19. Nxg6 {[%emt 0:00:01]} Bxg6 {[%emt 0:00:02]} 20. Rhe1 {[%emt 0:00:03]} Nd6 {[%emt 0:00:02]} 21. Re7 {[%emt 0:00:02]} h6 {[%emt 0:00:05]} 22. Rde1 {[%emt 0:00:03]} Kh7 {[%emt 0:00:07]} 23. g4 {[%emt 0:00:01]} b6 {[%emt 0:00:09]} 24. f5 {[%emt 0:00:02]} Bxf5 {[%emt 0:00:03]} 25. gxf5 {[%emt 0:00:01]} Nxf5 {[%emt 0:00:01]} 26. Qe4 {[%emt 0:00:00]} g6 {[%emt 0:00:01]} 27. Rxf7+ {[%emt 0:00:01]} Kg8 {[%emt 0:00:02]} 28. Rxf5 {[%emt 0:00:03]} gxf5 {[%emt 0:00:02]} 29. Rg1+ {[%emt 0:00:01]} Kf7 {[%emt 0:00:05]} 30. Qxf5+ {[%emt 0:00:01]} Ke7 {[%emt 0:00:00]} 31. Rg7+ {[%emt 0:00:02]} Kd6 {[%emt 0:00:02]} 32. Qe6+ {[%emt 0:00:04]} Kc5 {[%emt 0:00:02]} 33. Qc6+ {[%emt 0:00:00]} Kd4 {[%emt 0:00:03]} 34. Rg4+ {[%emt 0:00:01]} Ke3 {[%emt 0:00:03]} 35. Qc3+ {[%emt 0:00:03]} Ke2 {[%emt 0:00:05]} 36. Rg2+ {[%emt 0:00:05]} Kf1 {[%emt 0:00:01]} 37. Qd2 {[%emt 0:00:01]} Re8 {[%emt 0:00:03]} 38. Qf2# {[%emt 0:00:01] (Lag: Av=0.68s, max=1.1s)} 1-0

[Event "Stay Safe Play From Home 174"]
[Site "T#646332Emanuel Laske"]
[Date "2020.05.25"]
[Round "4"]
[White "ritwik chess"]
[Black "Trotsky"]
[Result "0-1"]
[WhiteElo "1429"]
[BlackElo "1539"]
[Annotator "NA"]
[PlyCount "66"]
[EventDate "2020.05.25"]
[EventType "swiss (blitz)"]

1. c4 {[%emt 0:00:02]} c5 {[%emt 0:00:02]} 2. g3 {[%emt 0:00:01]} e6 {[%emt 0:00:01]} 3. Bg2 {[%emt 0:00:01]} d5 {[%emt 0:00:02]} 4. cxd5 {[%emt 0:00:01]} exd5 {[%emt 0:00:01]} 5. d4 {[%emt 0:00:02]} Nc6 {[%emt 0:00:03]} 6. Nf3 {[%emt 0:00:03]} Be6 {[%emt 0:00:01]} 7. O-O {[%emt 0:00:04]} Qc7 {[%emt 0:00:01]} 8. dxc5 {[%emt 0:00:04]} Bxc5 {[%emt 0:00:02]} 9. e3 {[%emt 0:00:02]} Nf6 {[%emt 0:00:02]} 10. Nc3 {[%emt 0:00:03]} a6 {[%emt 0:00:01]} 11. Ng5 {[%emt 0:00:02]} O-O-O {[%emt 0:00:02]} 12. Nxe6 {[%emt 0:00:03]} fxe6 {[%emt 0:00:01]} 13. Qb3 {[%emt 0:00:04]} h5 {[%emt 0:00:03]} 14. Bd2 {[%emt 0:00:02]} Ng4 {[%emt 0:00:01]} 15. Rfc1 {[%emt 0:00:10]} Bd6 {[%emt 0:00:01]} 16. Na4 {[%emt 0:00:02]} h4 {[%emt 0:00:02]} 17. e4 {[%emt 0:00:25]} hxg3 {[%emt 0:00:09]} 18. hxg3 {[%emt 0:00:00]} Rh2 {[%emt 0:00:07]} 19. Bg5 {[%emt 0:00:07]} Rdh8 {[%emt 0:00:03]} 20. Bh4 {[%emt 0:00:02]} g5 {[%emt 0:00:06]} 21. Bxg5 {[%emt 0:00:03]} Kb8 {[%emt 0:00:15]} 22. Bh4 {[%emt 0:00:02]} d4 {[%emt 0:00:07]} 23. f3 {[%emt 0:00:03]} Bxg3 {[%emt 0:00:04]} 24. fxg4 {[%emt 0:00:23]} R2xh4 {[%emt 0:00:12]} 25. e5 {[%emt 0:00:06]} Bxe5 {[%emt 0:00:08]} 26. Bxc6 {[%emt 0:00:02]} Bh2+ {[%emt 0:00:02]} 27. Kf1 {[%emt 0:00:07]} Qf4+ {[%emt 0:00:01]} 28. Ke1 {[%emt 0:00:03]} Bg3+ {[%emt 0:00:04]} 29. Kd1 {[%emt 0:00:02]} Qf1+ {[%emt 0:00:05]} 30. Kc2 {[%emt 0:00:02]} Rh2+ {[%emt 0:00:01]} 31. Bg2 {[%emt 0:00:07]} Rxg2+ {[%emt 0:00:01]} 32. Kb1 {[%emt 0:00:16]} Qf5+ {[%emt 0:00:02]} 33. Rc2 {[%emt 0:00:13]} Rh1# {[%emt 0:00:02] (Lag: Av=1.05s, max=1.8s)} 0-1

[Event "Stay Safe Play From Home 174"]
[Site "T#646332Emanuel Laske"]
[Date "2020.05.25"]
[Round "5"]
[White "Weltszmerc"]
[Black "Patzeroglu"]
[Result "1-0"]
[WhiteElo "2133"]
[BlackElo "1856"]
[Annotator "TA"]
[PlyCount "65"]
[EventDate "2020.05.25"]
[EventType "swiss (blitz)"]

{[%evp 19,65,-25,-9,-37,0,-40,-35,-63,-67,-89,-78,-82,-60,-60,-64,-54,-42,-49,-20,-35,-18,-18,-18,-23,2,-29,-23,-35,-37,-103,-77,-78,-46,-46,-57,-45,-25,-39,-46,-40,1,6,472,490,2333,2414,2159,2038]} 1. d4 Nf6 2. c4 e6 3. Nf3 Bb4+ 4. Bd2 a5 5. g3 b6 6. Bg2 Ba6 7. Qc2 c6 8. O-O O-O 9. a3 Be7 10. b3 d5 11. Ne5 {E15: Queen's Indian: 4 g3 sidelines, 4 g3 Ba6 and 4 g3 Bb7 early deviations.} Nfd7 {[#]} 12. cxd5 $146 ({Predecessor:} 12. Nxd7 Nxd7 13. Nc3 Rc8 14. cxd5 cxd5 15. Rfe1 f5 16. Qb2 Kh8 17. Rac1 Bd6 18. Nb1 Nf6 19. Rxc8 Qxc8 {0-1 (36) Lenz,A (2207)-Sulava,N (2544) Imperia 2007}) 12... Nxe5 13. dxe5 {Black is slightly better.} cxd5 14. Re1 Nd7 15. Bc3 Rc8 {[#] And now ...d4! would win.} 16. Qb2 Nc5 17. Nd2 Qd7 18. Bd4 Qb5 19. Rac1 h6 20. Bf1 Qd7 21. Qb1 Rc7 22. e3 {[#] Hoping for Bxc5.} Bxf1 23. Rxf1 Rfc8 24. Bxc5 (24. Rc3 $15) 24... Bxc5 25. a4 Ba3 26. Rxc7 Qxc7 27. Nf3 {[%cal Bd2f3,Bf3d4,Bd4b5][%mdl 32]} Qc2 28. Nd4 Qxb1 29. Rxb1 Rc3 30. Nb5 Rc2 $2 {[%mdl 8192]} (30... Rc1+ $11 31. Rxc1 Bxc1) 31. Nxa3 $18 {White is clearly winning.} g5 (31... Rc5 $142 32. Kf1 Kh7) 32. Nxc2 Kg7 33. Nd4 {Accuracy: White = 76%, Black = 47%.} 1-0

[Event "Stay Safe Play From Home 174"]
[Site "T#646332Emanuel Laske"]
[Date "2020.05.25"]
[Round "5"]
[White "Don59as"]
[Black "Lazieri3"]
[Result "1-0"]
[WhiteElo "2061"]
[BlackElo "2044"]
[Annotator "NA"]
[PlyCount "129"]
[EventDate "2020.05.25"]
[EventType "swiss (blitz)"]

1. c4 {[%emt 0:00:02]} c6 {[%emt 0:00:01]} 2. b3 {[%emt 0:00:02]} d5 {[%emt 0:00:00]} 3. Bb2 {[%emt 0:00:01]} Nf6 {[%emt 0:00:01]} 4. g3 {[%emt 0:00:02]} Bf5 {[%emt 0:00:01]} 5. Bg2 {[%emt 0:00:01]} Qc8 {[%emt 0:00:01]} 6. h3 {[%emt 0:00:02]} e6 {[%emt 0:00:01]} 7. Nf3 {[%emt 0:00:02]} Nbd7 {[%emt 0:00:01]} 8. O-O {[%emt 0:00:03]} h6 {[%emt 0:00:01]} 9. d3 {[%emt 0:00:01]} Be7 {[%emt 0:00:01]} 10. Nbd2 {[%emt 0:00:03]} O-O {[%emt 0:00:01]} 11. Rc1 {[%emt 0:00:01]} Bb4 {[%emt 0:00:03]} 12. g4 {[%emt 0:00:03]} Bh7 {[%emt 0:00:02]} 13. cxd5 {[%emt 0:00:01]} exd5 {[%emt 0:00:01]} 14. g5 {[%emt 0:00:04]} hxg5 {[%emt 0:00:02]} 15. Nxg5 {[%emt 0:00:01]} Bg6 {[%emt 0:00:01]} 16. e4 {[%emt 0:00:06]} dxe4 {[%emt 0:00:01]} 17. Ndxe4 {[%emt 0:00:03]} Nxe4 {[%emt 0:00:05]} 18. dxe4 {[%emt 0:00:01]} Qe8 {[%emt 0:00:08]} 19. Qg4 {[%emt 0:00:06]} Ne5 {[%emt 0:00:03]} 20. Qg3 {[%emt 0:00:12]} Bd6 {[%emt 0:00:18]} 21. f4 {[%emt 0:00:05]} Nd7 {[%emt 0:00:07]} 22. e5 {[%emt 0:00:04]} Bc5+ {[%emt 0:00:01]} 23. Kh1 {[%emt 0:00:02]} Bf5 {[%emt 0:00:02]} 24. Be4 {[%emt 0:00:08]} Bxe4+ {[%emt 0:00:01]} 25. Nxe4 {[%emt 0:00:01]} Qe6 {[%emt 0:00:09]} 26. Nxc5 {[%emt 0:00:03]} Nxc5 {[%emt 0:00:01]} 27. Rxc5 {[%emt 0:00:01]} Rfd8 {[%emt 0:00:02]} 28. Rc2 {[%emt 0:00:05]} Rd5 {[%emt 0:00:05]} 29. Rg2 {[%emt 0:00:01]} Qh6 {[%emt 0:00:01]} 30. e6 {[%emt 0:00:05]} f6 {[%emt 0:00:14]} 31. f5 {[%emt 0:00:10]} Rad8 {[%emt 0:00:02]} 32. Bc1 {[%emt 0:00:02]} Qh7 {[%emt 0:00:02]} 33. Kh2 {[%emt 0:00:09]} Rd3 {[%emt 0:00:01]} 34. Rf3 {[%emt 0:00:01]} Rxf3 {[%emt 0:00:01]} 35. Qxf3 {[%emt 0:00:01]} Rd5 {[%emt 0:00:01]} 36. Rf2 {[%emt 0:00:11]} Qh4 {[%emt 0:00:02]} 37. Ba3 {[%emt 0:00:02]} Re5 {[%emt 0:00:02]} 38. Qg3 {[%emt 0:00:02]} Qh5 {[%emt 0:00:07]} 39. Qg4 {[%emt 0:00:03]} Qh6 {[%emt 0:00:02]} 40. Qf4 {[%emt 0:00:05]} Qh5 {[%emt 0:00:02]} 41. Bd6 {[%emt 0:00:01]} Re1 {[%emt 0:00:05]} 42. e7 {[%emt 0:00:02]} Qf7 {[%emt 0:00:03]} 43. Bb4 {[%emt 0:00:02]} Qd5 {[%emt 0:00:01]} 44. Qb8+ {[%emt 0:00:02]} Kh7 {[%emt 0:00:01]} 45. Rg2 {[%emt 0:00:08]} Qd1 {[%emt 0:00:06]} 46. Rxg7+ {[%emt 0:00:02]} Kxg7 {[%emt 0:00:04]} 47. Qf8+ {[%emt 0:00:01]} Kh7 {[%emt 0:00:00]} 48. Qf7+ {[%emt 0:00:02]} Kh6 {[%emt 0:00:00]} 49. Qxf6+ {[%emt 0:00:01]} Kh5 {[%emt 0:00:01]} 50. Qg6+ {[%emt 0:00:02]} Kh4 {[%emt 0:00:01]} 51. Qg4+ {[%emt 0:00:01]} Qxg4 {[%emt 0:00:01]} 52. hxg4 {[%emt 0:00:00]} Re4 {[%emt 0:00:01]} 53. f6 {[%emt 0:00:01]} Kxg4 {[%emt 0:00:01]} 54. f7 {[%emt 0:00:01]} Re2+ {[%emt 0:00:00]} 55. Kg1 {[%emt 0:00:01]} Rxe7 {[%emt 0:00:01]} 56. Bxe7 {[%emt 0:00:02]} Kf5 {[%emt 0:00:00]} 57. f8=Q+ {[%emt 0:00:01]} Ke6 {[%emt 0:00:00]} 58. Qb8 {[%emt 0:00:00]} Kxe7 {[%emt 0:00:02]} 59. Qxb7+ {[%emt 0:00:00]} Kd6 {[%emt 0:00:00]} 60. Qxa7 {[%emt 0:00:00]} Kd5 {[%emt 0:00:01]} 61. Qe3 {[%emt 0:00:00]} c5 {[%emt 0:00:01]} 62. Qc3 {[%emt 0:00:00]} Kd6 {[%emt 0:00:01]} 63. Qc4 {[%emt 0:00:00]} Kc6 {[%emt 0:00:01]} 64. b4 {[%emt 0:00:00]} Kb6 {[%emt 0:00:00]} 65. Qxc5+ {[%emt 0:00:00] Lazieri3 resigns (Lag: Av=0.61s, max=1.0s)} 1-0

[Event "Stay Safe Play From Home 174"]
[Site "T#646332Emanuel Laske"]
[Date "2020.05.25"]
[Round "5"]
[White "Golem974"]
[Black "Justwatch"]
[Result "0-1"]
[WhiteElo "1902"]
[BlackElo "1443"]
[Annotator "NA"]
[PlyCount "46"]
[EventDate "2020.05.25"]
[EventType "swiss (blitz)"]

1. e4 {[%emt 0:00:01]} Nf6 {[%emt 0:00:04]} 2. Nc3 {[%emt 0:00:02]} e5 {[%emt 0:00:04]} 3. f4 {[%emt 0:00:01]} d6 {[%emt 0:00:01]} 4. Nf3 {[%emt 0:00:01]} Bg4 {[%emt 0:00:02]} 5. Be2 {[%emt 0:00:01]} Bxf3 {[%emt 0:00:00]} 6. Bxf3 {[%emt 0:00:01]} Nc6 {[%emt 0:00:00]} 7. Ne2 {[%emt 0:00:03]} exf4 {[%emt 0:00:08]} 8. d4 {[%emt 0:00:02]} Be7 {[%emt 0:00:03]} 9. Bxf4 {[%emt 0:00:02]} Qd7 {[%emt 0:00:02]} 10. Qd2 {[%emt 0:00:02]} O-O-O {[%emt 0:00:02]} 11. O-O {[%emt 0:00:01]} Kb8 {[%emt 0:00:01]} 12. c3 {[%emt 0:00:02]} h6 {[%emt 0:00:02]} 13. b4 {[%emt 0:00:01]} g5 {[%emt 0:00:01]} 14. Be3 {[%emt 0:00:06]} g4 {[%emt 0:00:02]} 15. d5 {[%emt 0:00:01]} Ne5 {[%emt 0:00:01]} 16. Qd4 {[%emt 0:00:01]} b6 {[%emt 0:00:02]} 17. a4 {[%emt 0:00:02]} gxf3 {[%emt 0:00:01]} 18. gxf3 {[%emt 0:00:00]} Rdg8+ {[%emt 0:00:03]} 19. Kh1 {[%emt 0:00:01]} Qh3 {[%emt 0:00:01]} 20. Rf2 {[%emt 0:00:01]} Nxf3 {[%emt 0:00:04]} 21. Qc4 {[%emt 0:00:04]} Ng4 {[%emt 0:00:08]} 22. Raf1 {[%emt 0:00:12]} Ngxh2 {[%emt 0:00:01]} 23. Bxb6 {[%emt 0:00:06]} Nxf1+ {[%emt 0:00:02] Golem974 abandonne (Lag: Av=0.36s, max=0.5s)} 0-1

[Event "Stay Safe Play From Home 174"]
[Site "T#646332Emanuel Laske"]
[Date "2020.05.25"]
[Round "5"]
[White "Greblah"]
[Black "Kongle"]
[Result "1-0"]
[WhiteElo "1894"]
[BlackElo "1896"]
[Annotator "NA"]
[PlyCount "115"]
[EventDate "2020.05.25"]
[EventType "swiss (blitz)"]

1. e4 {[%emt 0:00:01]} d5 {[%emt 0:00:02]} 2. Nc3 {[%emt 0:00:02]} d4 {[%emt 0:00:03]} 3. Nce2 {[%emt 0:00:01]} c5 {[%emt 0:00:01]} 4. Ng3 {[%emt 0:00:01]} Nc6 {[%emt 0:00:01]} 5. Nf3 {[%emt 0:00:01]} e5 {[%emt 0:00:02]} 6. Bc4 {[%emt 0:00:02]} Bg4 {[%emt 0:00:08]} 7. d3 {[%emt 0:00:04]} Be7 {[%emt 0:00:03]} 8. h3 {[%emt 0:00:10]} Bxf3 {[%emt 0:00:03]} 9. Qxf3 {[%emt 0:00:02]} Nf6 {[%emt 0:00:00]} 10. Nf5 {[%emt 0:00:02]} O-O {[%emt 0:00:03]} 11. Nxe7+ {[%emt 0:00:01]} Qxe7 {[%emt 0:00:02]} 12. Bg5 {[%emt 0:00:01]} a6 {[%emt 0:00:06]} 13. g4 {[%emt 0:00:07]} b5 {[%emt 0:00:07]} 14. Bd5 {[%emt 0:00:01]} Nb4 {[%emt 0:00:05]} 15. Bb3 {[%emt 0:00:10]} c4 {[%emt 0:00:04]} 16. dxc4 {[%emt 0:00:05]} bxc4 {[%emt 0:00:01]} 17. Bxf6 {[%emt 0:00:03]} Qxf6 {[%emt 0:00:08]} 18. Qxf6 {[%emt 0:00:03]} gxf6 {[%emt 0:00:01]} 19. Ba4 {[%emt 0:00:01]} Rab8 {[%emt 0:00:11]} 20. a3 {[%emt 0:00:04]} Nxc2+ {[%emt 0:00:04]} 21. Bxc2 {[%emt 0:00:01]} Rxb2 {[%emt 0:00:01]} 22. Kd1 {[%emt 0:00:08]} d3 {[%emt 0:00:04]} 23. Ba4 {[%emt 0:00:05]} Rxf2 {[%emt 0:00:04]} 24. Rc1 {[%emt 0:00:01]} Rc8 {[%emt 0:00:06]} 25. Ke1 {[%emt 0:00:06]} Ra2 {[%emt 0:00:10]} 26. Kd1 {[%emt 0:00:07]} c3 {[%emt 0:00:05]} 27. Bb3 {[%emt 0:00:13]} Rd2+ {[%emt 0:00:08]} 28. Ke1 {[%emt 0:00:02]} Rb2 {[%emt 0:00:02]} 29. Bd5 {[%emt 0:00:11]} d2+ {[%emt 0:00:02]} 30. Kd1 {[%emt 0:00:02]} dxc1=Q+ {[%emt 0:00:03]} 31. Kxc1 {[%emt 0:00:01]} Rcb8 {[%emt 0:00:02]} 32. Rd1 {[%emt 0:00:05]} Rb1+ {[%emt 0:00:04]} 33. Kc2 {[%emt 0:00:01]} R8b2+ {[%emt 0:00:01]} 34. Kxc3 {[%emt 0:00:01]} Rxd1 {[%emt 0:00:03]} 35. Kxb2 {[%emt 0:00:01]} Rd3 {[%emt 0:00:02]} 36. a4 {[%emt 0:00:02]} a5 {[%emt 0:00:01]} 37. h4 {[%emt 0:00:02]} Rh3 {[%emt 0:00:02]} 38. h5 {[%emt 0:00:02]} Rg3 {[%emt 0:00:01]} 39. Kc2 {[%emt 0:00:03]} Rxg4 {[%emt 0:00:02]} 40. Kc3 {[%emt 0:00:01]} Rg5 {[%emt 0:00:05]} 41. h6 {[%emt 0:00:02]} Rg6 {[%emt 0:00:02]} 42. Kc4 {[%emt 0:00:01]} Rxh6 {[%emt 0:00:01]} 43. Kb5 {[%emt 0:00:00]} Rh1 {[%emt 0:00:05]} 44. Kxa5 {[%emt 0:00:00]} Rb1 {[%emt 0:00:02]} 45. Bc6 {[%emt 0:00:04]} h5 {[%emt 0:00:08]} 46. Bb5 {[%emt 0:00:01]} h4 {[%emt 0:00:02]} 47. Bd7 {[%emt 0:00:02]} Rb3 {[%emt 0:00:10]} 48. Ka6 {[%emt 0:00:02]} h3 {[%emt 0:00:01]} 49. Bxh3 {[%emt 0:00:02]} Rxh3 {[%emt 0:00:01]} 50. Kb5 {[%emt 0:00:01]} Ra3 {[%emt 0:00:03]} 51. Kb4 {[%emt 0:00:02]} Ra1 {[%emt 0:00:01]} 52. a5 {[%emt 0:00:01]} Kg7 {[%emt 0:00:01]} 53. Kb5 {[%emt 0:00:01]} Kg6 {[%emt 0:00:01]} 54. Kb6 {[%emt 0:00:01]} f5 {[%emt 0:00:01]} 55. exf5+ {[%emt 0:00:01]} Kxf5 {[%emt 0:00:01]} 56. Kb5 {[%emt 0:00:01]} e4 {[%emt 0:00:01]} 57. Kb4 {[%emt 0:00:01]} Kf4 {[%emt 0:00:01]} 58. Kb5 {[%emt 0:00:00] Time (Lag: Av=0.47s, max=0.9s)} 1-0